| 000 | 01104pam a2200325 a 4500 | ||
|---|---|---|---|
| 999 |
_c4393 _d4393 |
||
| 001 | 3485864 | ||
| 003 | OSt | ||
| 005 | 20220323075245.0 | ||
| 008 | 940224s1994 mdua 001 0 eng c | ||
| 010 | _a 94008726 | ||
| 020 | _a0683037102 | ||
| 040 |
_aDNLM/DLC _cALUPE UNIVERSITY _dDLC |
||
| 050 | 0 | 0 |
_aQM34 _b.G75 1994 |
| 060 | 1 | 0 | _aQS 130 S255g 1994 |
| 082 | 0 | 0 |
_a611 _220 |
| 100 | 1 |
_aSauerland, Eberhardt K., _d1933- |
|
| 245 | 1 | 0 | _aGrant's dissector. |
| 250 |
_a11th ed. / _bEberhardt K. Sauerland. |
||
| 260 |
_aBaltimore : _bWilliams & Wilkins, _cc1994. |
||
| 300 |
_axii, 265 p. : _bill. ; _c28 cm. |
||
| 500 | _a"Digital arrangements of text and illustrations by Wanda S. Sauerland." | ||
| 500 | _aIncludes index. | ||
| 650 | 0 |
_aHuman dissection _xLaboratory manuals. |
|
| 650 | 2 | _aDissection. | |
| 700 | 1 |
_aGrant, J. C. Boileau _q(John Charles Boileau), _d1886-1973. |
|
| 740 | 0 | _aDissector. | |
| 906 |
_a7 _bcbc _corignew _d1 _eocip _f19 _gy-gencatlg |
||
| 942 |
_2lcc _cBK _nJO |
||